La transexualidad, diversidad de una realidad /

Guardado en:
Autor Principal: Martin Romero, Dolores
Formato: Libro
Publicado: Madrid : Consejería de Familia y Asuntos Sociales, 2005?
Materias:
Etiquetas: Agregar Etiqueta
Sin Etiquetas, Sea el primero en etiquetar este registro!
LEADER 00556nam a22001815a 4500
001 CEM.cems014420
008 130507s2005##################000#0#####d
005 20210804200431.0
003 CEMS
245 1 0 |a La transexualidad, diversidad de una realidad /  |c Dolores Martin Romero 
260 |a Madrid :  |b Consejería de Familia y Asuntos Sociales,  |c 2005? 
300 |a 101 p. 
590 |a 1252.014 
100 1 |a Martin Romero, Dolores 
653 |a Sexualidad 
653 |a Transexualidad 
653 |a Biblioteca TC 
859 |a CEMS  |b BIB. CEMS - 11 de abril  |h TC  |p 1251.014  |t Ej.1